Central Library OPAC University of Rajshahi

Lysosomes : (Record no. 11673)

MARC details
000 -LEADER
fixed length control field 00765nam a2200253 4500
001 - CONTROL NUMBER
control field 11673
003 - CONTROL NUMBER IDENTIFIER
rucl marc code BD-RjUL
005 - DATE AND TIME OF LATEST TRANSACTION
control field 20211208235150.0
008 - FIXED-LENGTH DATA ELEMENTS--GENERAL INFORMATION
fixed length control field 140127s1977 ne a b 001 0 eng
020 ## - INTERNATIONAL STANDARD BOOK NUMBER
International Standard Book Number 0720406277.
-- 0720406285
035 ## - SYSTEM CONTROL NUMBER
System control number (BD-RjUL)11722
040 ## - CATALOGING SOURCE
Original cataloging agency DLC
Transcribing agency DLC
Modifying agency DLC
-- BD-RjUL
Language of cataloging eng
041 ## - LANGUAGE CODE
Language code of text/sound track or separate title eng
082 00 - DEWEY DECIMAL CLASSIFICATION NUMBER
Classification number 571.655
Author mark and year LYS 1977
Edition number 23
245 10 - TITLE STATEMENT
Title Lysosomes :
Remainder of title a laboratory handbook /
Statement of responsibility, etc. edited by J. T. Dingle.
250 ## - EDITION STATEMENT
Edition statement 2d ed.
260 ## - PUBLICATION, DISTRIBUTION, ETC. (IMPRINT)
Place of publication, distribution, etc. Amsterdam ;
-- New York :
Name of publisher, distributor, etc. North-Holland Pub. Co. ;
Date of publication, distribution, etc. c1977.
300 ## - PHYSICAL DESCRIPTION
Pagination xiv, 323 p. :
Illustrations ill. ;
Size 25 cm.
504 ## - BIBLIOGRAPHY, ETC. NOTE
Bibliography, etc Includes bibliographies and index.
650 #0 - SUBJECT ADDED ENTRY--TOPICAL TERM
Topical term or geographic name as entry element Lysosomes.
9 (RLIN) 36106
Topical term or geographic name as entry element Lysosomes
General subdivision Laboratory manuals.
9 (RLIN) 36107
700 ## - ADDED ENTRY--PERSONAL NAME
Personal name J.T. Dingle
942 ## - ADDED ENTRY ELEMENTS (KOHA)
Source of classification or shelving scheme Dewey Decimal Classification
Koha item type Books
Holdings
Lost status Source of classification or shelving scheme Damaged status Not for loan Collection code Permanent Location Current Location Shelving location Date acquired Source of acquisition Cost, normal purchase price Total Checkouts Full call number Date last seen Copy number Koha item type
  Dewey Decimal Classification   Not For Loan Non-fiction Central Library, University of Rajshahi Central Library, University of Rajshahi Reading Room 03/11/1980 Neatherland gift 0.00   571.655 LYS 1977 27/01/2014 C-1 Books